000 00527nam a2200169 i 4500
001 78553
003 ES-MaACL
007 t|
008 041014s1973 sp ||||1| spa d
100 1 _aHearder, H.
_962243
245 1 0 _aEuropa en el siglo XIX
_b: desde 1830 hasta 1880 /
_cH. Hearder ; traducción del inglés por Juan García-Puente.
250 _a[1ª ed.].
260 _aMadrid :
_bAguilar,
_c[1973]
300 _aXIX, 419 p. ;
_c22 cm.
700 1 _aGarcía-Puente, Juan.
_955139
852 _aES-MaACL
_jE-6528
_bR.90686
999 _c78553
_d78553